Statistics for Most Common Last Names in Asia

Click here to take the quiz!

General Stats

  • This quiz has been taken 60 times
  • The average score is 12 of 49

Answer Stats

CountryLast Name% Correct
UzbekistanKim
78%
South KoreaKim
78%
North KoreaKim
78%
KazakhstanKim
78%
TaiwanChen
61%
YemenMohamed
61%
IraqMohamed
61%
MaldivesMohamed
61%
VietnamNguyen
61%
AfghanistanMuhammadi
56%
IranMohammadi
54%
Saudi ArabiaKhan
43%
QatarKhan
43%
PakistanKhan
43%
KuwaitAli
39%
United Arab EmiratesAli
39%
BahrainAli
39%
ChinaWang
39%
IsraelCohen
24%
JapanSatō
17%
SingaporeTan
15%
MalaysiaTan
15%
IndiaDevi
7%
LebanonEl Din
7%
CyprusGeorgiou
7%
BangladeshAkter
6%
PhilippinesDela Cruz
6%
JordanAllah
4%
Sri LankaPerera
4%
ThailandSaetang
4%
TurkeyYilmaz
4%
OmanAl Balushi
2%
PalestineAwad
2%
GeorgiaBeridze
2%
NepalCaudhari
2%
BhutanDorji
2%
MongoliaGanbold
2%
ArmeniaGrigoryan
2%
BruneiHaji
2%
LaosInthavong
2%
KyrgyzstanIsmailova
2%
SyriaKhaled
2%
TurkmenistanMamedova
2%
AzerbaijanMammadova
2%
MyanmarMaung
2%
IndonesiaSari
2%
TajikistanSharipov
2%
Timor-Leste (East Timor)Soares
2%
CambodiaSok
2%

Score Distribution

Percentile by Number Answered

Percent of People with Each Score

Your Score History

You have not taken this quiz